000 00333nam a22001457a 4500
008 210303b ||||| |||| 00| 0 eng d
020 _a9780131182660
041 _aeng
080 _a004
082 _a004
100 _a28
101 _aSHKI
245 _aC++Programming and Fundamental Concepts
_cAnderson, A.E
942 _2udc
_cBK
999 _c55686
_d55686